00750nam a2200217 b 450000500170000000800390001702000150005604000500007104100130012110000280013424500870016226000400024930000330028949000110032260000350033365000180036865000400038665100530042670000340047976500190051320141209142934.0141209s2004 sp o gr ||| ||spa a8408054775 aCO-BoUCMbspacJose A. GerenadJose A. Gerena1 aspaheng1 aClinton, Hillary Rodham10aHistoria vivabmemoriascHillary Rodham Clinton ; traducción de Claudia Casanova aBarcelona (España)bPlanetac2004 a830 páginasbfotografías1 aBooket17aClinton, Hillary Rodham21946- 7aBiografías  7aCiencia política zEstados Unidos 4aEstados UnidosxPolítica y gobiernoy1993-20011 aCasanova, Claudia etraductor1 tLiving History